[Event "St Louis Fall A 2018"]
[Site "Saint Louis USA"]
[Date "2018.10.18"]
[Round "9.5"]
[White "Bruzon Batista, Lazaro"]
[Black "Hammer, Jon Ludvig"]
[Result "1/2-1/2"]
[WhiteTitle "GM"]
[BlackTitle "GM"]
[WhiteElo "2653"]
[BlackElo "2662"]
[WhiteFideId "3503739"]
[BlackFideId "1503707"]
[EventDate "2018.10.10"]

1. e4 e5 2. Nf3 Nc6 3. Bb5 Nf6 4. O-O Nxe4 5. Re1 Nd6 6. Nxe5 Be7 7. Bf1 Nxe5 8.
Rxe5 O-O 9. d4 Bf6 10. Re1 Re8 11. Rxe8+ Nxe8 12. d5 d6 13. c3 c6 14. Qf3 cxd5
15. Qxd5 Nc7 16. Qf3 d5 17. Be3 d4 18. cxd4 Bxd4 19. Nc3 Bxe3 20. Qxe3 Be6 21.
Rd1 Qe7 22. f4 Qb4 23. Rd2 Qa5 24. Qd4 Re8 25. Qd6 Na8 26. Bb5 Rc8 27. Bd3 g6
28. Be2 Qb6+ 29. Qxb6 Nxb6 30. Rd4 Rc7 31. Kf2 Kf8 32. g4 a6 33. h3 Ke7 34. Rb4
Nd5 35. Nxd5+ Bxd5 36. Bf3 Rc2+ 37. Ke3 Bxf3 38. Kxf3 b5 39. a4 bxa4 40. Rxa4
Rxb2 41. Rxa6 Rb3+ 42. Kg2 Kf8 1/2-1/2